literature with animals in the title - Statistics

General Stats
  • This quiz has been taken 105 times
  • The average score is 11 of 15
Answer Stats
title type writer year animal % Correct
To Kill a ___________ novel Harper Lee 1960 Mockingbird
98%
Lord of the _____ novel William Golding 1954 Flies
96%
Of ____ and Men novella John Steinbeck 1937 Mice
96%
Moby-Dick or, The _____ novel Herman Melville 1851 Whale
92%
I Know Why the Caged ____ Sings memoir Maya Angelou 1969 Bird
91%
One Flew Over the ______'s Nest novel Ken Kesey 1962 Cuckoo
90%
___'s Cradle novel Kurt Vonnegut 1963 Cat
86%
The Curious Incident of the ___ in the Night-Time novel Mark Haddon 2003 Dog
83%
The _____ poem Edgar Allan Poe 1845 Raven
80%
The _____ poem William Blake 1794 Tyger
58%
____ graphic novel Art Spiegelman 1991 Maus
45%
Hills Like White ________s story Ernest Hemingway 1927 Elephant
42%
The ______'s Paw story W. W. Jacobs 1902 Monkey
41%
The ___ and the ________ poem Edward Lear 1871 Owl, Pussycat
41%
The Real Inspector ____ play Tom Stoppard 1968 Hound
11%
No matching quizzes found
Score Distribution
Percent of People with Each Score
Percentile by Number Answered
Your Score History
You have not taken this quiz